Logo BPK

Biblioteka

Politechniki Koszalińskiej

Nauka o pracy. Zarys zagadnień. Skrypt / (Rekord nr 19647)

Szczegóły MARC
000 -ETYKIETA REKORDU
podpole kontrolne o stałej długości 00433nam a2200169 i 4500
001 - NUMER KONTROLNY REKORDU
pole kontrolne bg
040 ## - ŹRÓDŁO KATALOGOWANIA
Instytucja, która utworzyła rekord BPK
041 ## - KOD JĘZYKA
Kod języka tekstu pol
080 ## - UNIWERSALNA KLASYFIKACJA DZIESIĘTNA - UKD
UKD 331.101
008 - POLE O STAŁEJ DŁUGOŚCI - DANE KONTROLNE
podpole kontrolne o stałej długości s pl f |000 0 pol
100 1# - NAZWA OSOBOWA
Nazwa osobowa GORCZYCKA, Ewa
245 #0 - TYTUŁ/ODPOWIEDZIALNOŚĆ
Tytuł Nauka o pracy. Zarys zagadnień. Skrypt /
Pozostałe elementy strefy tytułu i oznaczenia odpowiedzialności Ewa Gorczycka.
250 ## - STREFA WYDANIA
Oznaczenie wydania Wyd. 2.
260 ## - STREFA ADRESU WYDAWNICZEGO
Miejsce wydania Czestochowa :
Nazwa wydawcy/dystrybutora Polit. Częstochowska,
Data publikacji, dystrybucji/powstania dokumentu 1981.
300 ## - STREFA OPISU FIZYCZNEGO
Objętość s. 224 :
Inne cechy fizyczne rys., tab.
856 ## - LOKALIZACJA I DOSTĘP DO ELEKTRONICZNYCH DOKUMENTÓW ZDALNYCH
Link (URL) http://koha.tu.koszalin.pl/cgi-bin/koha/opac-detail.pl?biblionumber=19647
Tekst linku Katalog online BPK
942 ## - DODATKOWE ELEMENTY (KOHA)
Typ dokumentu Książka
Egzemplarze
Wycofany Status egzemplarza Uszkodzony Dostępność Lokalizacja stała Lokalizacja bieżąca Miejsce przechowywania Sygnatura Kod kreskowy Typ dokumentu
      Dostępny Biblioteka Politechniki Koszalińskiej Biblioteka Politechniki Koszalińskiej Wypożyczalnia BG 27668 01102673 Książka
© 2023 Biblioteka Politechniki Koszalińskiej :: KOHA